000
00290nam a22001337a 4500
008
180919b xxu||||| |||| 00| 0 eng d
020
_a
9781608313396
041
_a
eng
080
_a
616.12
100
_a
7
101
_a
KAR
245
_a
Cardiovascular Care
_c
Kluwer, W
942
_2
udc
_c
BK
999
_c
48006
_d
48006